First Blood /

Guardat en:
Dades bibliogràfiques
Autor principal: Morrell, David (autor)
Format: Llibre
Idioma:anglès
Publicat: Nueva York, EUA : Grand Central, 2000, c1988
Matèries:
Etiquetes: Afegir etiqueta
Sense etiquetes, Sigues el primer a etiquetar aquest registre!

MARC

LEADER 00000nam^a2200000^a^4500
001 000319163
005 20250521000000.0
009 20260310113434.615
020 |a 0-446-36440-1 
037 |a Acervo ITESO - Biblioteca 
041 |a ING 
082 |a 813.  |b MOR 
100 |a Morrell, David  |e (autor) 
245 1 0 |a First Blood /  |c D. Morrell. 
264 4 |a Nueva York, EUA :  |b Grand Central,  |c 2000, c1988 
300 |a XIV, 284, 16 p. 
336 |a texto  |b txt  |2 rdacontenido 
337 |a sin mediación  |b n  |2 rdamedio 
338 |a volumen  |b nc  |2 rdasoporte 
545 0 |a David Morrell (1943) escritor canadiense residente en Estados Unidos, donde ha desarrollado toda su obra literaria. Con base en una amplia documentación previa sobre los temas que trata, ambienta de manera muy rigurosa sus novelas de suspenso en momentos concretos de la historia contemporánea; sus personajes exploran los sentimientos de miedo, obsesión y violencia, al grado de que algunos resultan terroríficos. Algunas de sus obras son Primera sangre; Juego mortal; Rambo acorralado; La alianza de las sombras; La hermandad de la piedra; Allanadores; La hermandad de la Rosa, entre otras. 
649 |a XX 
650 |a Escritores Canadienses 
650 |a Novela de Aventuras 
650 |a Novela Norteamericana 
650 |a Literatura Norteamericana -  |y Siglo XX 
650 |a Guerra de Vietnam, 1961-1973 en la Literatura 
910 |a Fondo General 
920 |a Impresos - Libros 
930 |a Colección General 
940 |a Literatura 
905 |a 101 
901 |a 0500206338  |b IT1  |c LIT  |i C131153  |u 20250521 
902 |a https://opac.biblio.iteso.mx/vufind/Record/000319163